Alegación en derecho presentada por la Sociedad Española de Electricidad Alioth ... en el pleito promovido por la misma contra D. Abundio de Burgos y Díaz sobre cumplimiento de contrato privado de reconocimiento de deuda y pago del precio de compraventa de una instalación de central eléctrica en Lucena (Córdoba) / (Record no. 96177)

MARC details
000 -LEADER
campo de control de longitud fija 00716nam a2200145 i 4500
001 - NÚMERO DE CONTROL
campo de control 96177
003 - IDENTIFICADOR DE NÚMERO DE CONTROL
campo de control ES-MaACL
005 - FECHA Y HORA DE LA ÚLTIMA TRANSACCIÓN
campo de control 20230906181847.0
008 - DATOS DE LONGITUD FIJA--INFORMACIÓN GENERAL
campo de control de longitud fija 050613s1907 sp |||| | spa d
100 1# - ENTRADA PRINCIPAL--NOMBRE DE PERSONA
Nombre de persona Maestre, Gabriel.
9 (RLIN) 75390
245 10 - MENCIÓN DEL TÍTULO
Título Alegación en derecho presentada por la Sociedad Española de Electricidad Alioth ... en el pleito promovido por la misma contra D. Abundio de Burgos y Díaz sobre cumplimiento de contrato privado de reconocimiento de deuda y pago del precio de compraventa de una instalación de central eléctrica en Lucena (Córdoba) /
Mención de responsabilidad, etc. Gabriel Maestre.
260 ## - PUBLICACIÓN, DISTRIBUCIÓN, ETC.
Lugar de publicación, distribución, etc. Madrid :
Nombre del editor, distribuidor, etc. [s.n.],
Fecha de publicación, distribución, etc. 1907.
710 2# - ENTRADA AGREGADA--NOMBRE DE ENTIDAD CORPORATIVA
Nombre de entidad corporativa o nombre de jurisdicción como elemento de entrada Sociedad Española de Electricidad.
9 (RLIN) 6719
852 ## - LOCALIZACIÓN
Ubicación ES-MaACL
Número de control de estantería T-1185 bis-F-2
Holdings
Estatus retirado Estado de pérdida Estado de daño No para préstamo Colección Biblioteca de origen Biblioteca actual Ubicación en estantería Fecha de adquisición Fuente de adquisición Total de préstamos Signatura topográfica completa Código de barras Visto por última vez Precio de reemplazo Tipo de ítem Koha
        Colección de folletos Biblioteca del Ateneo de Madrid Biblioteca del Ateneo de Madrid Depósito folletos 17/01/2008     T-1185 bis-F-2 1100416 23/02/2023 23/02/2023 Folleto